Yeşilçam Erkek Ünlüleri - Statistics

General Stats
  • This quiz has been taken 8 times
  • The average score is 14 of 16
Answer Stats
Picture Answer % Correct
Cüneyt Arkın
100%
Hulusi Kentmen
100%
Kadir İnanır
100%
Kartal Tibet
100%
Kemal Sunal
100%
Şener Şen
100%
Tarık Akan
100%
Halit Akçatepe
83%
Metin Akpınar
83%
Münir Özkul
83%
Sadri Alışık
83%
Zeki Alasya
83%
Ayhan Işık
67%
Ediz Hun
67%
Erol Taş
67%
İzzet Günay
50%
No matching quizzes found
Score Distribution
Percent of People with Each Score
Percentile by Number Answered
Your Score History
You have not taken this quiz